Koľko stojí ľudská hlava
Charakteristika headhunterov. Použitie spôsobu Headhunting pri vyhľadávaní a obsadzovaní manažérskych alebo špecializovaných pozícií. Odhadnutie skutočnej schopnosti človeka. Etika prístupu. Dotiahnutie veci do konca.
Gespeichert in:
| 1. Verfasser: | |
|---|---|
| Format: | Buchkapitel |
| Sprache: | Slowakisch |
| Schlagworte: | |
| Tags: |
Keine Tags, Fügen Sie das erste Tag hinzu!
|
MARC
| LEADER | 00000naa$a2200000$$$4500 | ||
|---|---|---|---|
| 001 | 0059733 | ||
| 005 | 20231009072038.2 | ||
| 041 | 0 | |a slo | |
| 044 | |a SK | ||
| 245 | 1 | 0 | |a Koľko stojí ľudská hlava |c Eduard Žitňanský |
| 520 | |a Charakteristika headhunterov. Použitie spôsobu Headhunting pri vyhľadávaní a obsadzovaní manažérskych alebo špecializovaných pozícií. Odhadnutie skutočnej schopnosti človeka. Etika prístupu. Dotiahnutie veci do konca. | ||
| 610 | 2 | 0 | |a personalisti |
| 610 | 2 | 0 | |a agentúry |
| 610 | 2 | 0 | |a manažéri |
| 610 | 2 | 0 | |a hodnotenie pracovníkov |
| 610 | 2 | 0 | |a služby |
| 100 | 1 | |a Žitňanský, Eduard | |